000 01527nam a2200385 i 4500
001 2688184
003 EG-ScBUE
005 20250310092319.0
008 750210s2003 enka f b 001 0 eng d
020 _a9780750635394
020 _a0750635398
040 _aEG-ScBUE
_beng
_erda
_cEG-ScBUE
_dEG-ScBUE
041 1 _aeng
_hrus
082 0 4 _a530.12
_bLAN
_222
100 1 _aLandau, L. D.
_q(Lev Davidovich),
_d1908-1968,
_eauthor.
_938480
245 1 0 _aQuantum mechanics :
_bnon-relativistic theory /
_cL. D. Landau and E. M. Lifshitz, Institute of Physical Problems, U.S.S.R. Academy of Sciences ; translated from the Russian by J. B. Sykes and J. S. Bell.
250 _aThird edition,
_brevised and enlarged.
264 1 _aOxford ;
_aBurlington :
_bButterworth-Heinemann / Elsevier,
_c2003.
300 _axv, 677 pages :
_billustrations ;
_c24 cm.
336 _2rdacontent
_atext
_btxt
337 _aunmediated
_2rdamedia
_bn
338 _avolume
_bnc
_2rdacarrier
490 0 _aCourse of theoretical physics ;
_vv. 3
500 _aFirst published in English 1958.
504 _aIncludes bibliographical references and index.
546 _aText in English ; translated from the original Russian.
650 7 _aNonrelativistic quantum mechanics.
_2BUEsh
651 _2BUEsh
653 _bENGGEN
_cOctober2015
655 _vReading book
700 1 _aLifshit︠s︡, E. M.
_q(Evgeniĭ Mikhaĭlovich)
_eauthor.
_938483
700 1 _aSykes, J. B.,
_etranslator.
700 1 _aBell, J. S.,
_etranslator.
942 _2ddc
_cBB
999 _c20897
_d20869